000 00286nam a22001337a 4500
008 171003b xxu||||| |||| 00| 0 eng d
020 _a9780803972247
041 _aeng
080 _a159.9
100 _a48
101 _aPSI
245 _aADULT ATTACHMENT
_cFEENEY,J
942 _2udc
_cBK
999 _c31425
_d31425